000 01331nam a2200373Ii 4500
001 DIGDEXT0055
003 NyNyDIG
006 m o d
007 cr |||||||||||
008 240808s2024 sp o 000 0 spa d
035 _a(OCoLC)1427226561
040 _aDGITA
_beng
_erda
_epn
_cDGITA
020 _a9788416898077
_qeBook
020 _z9788416898039
050 1 4 _aQA76.73.C154 ebook
100 1 _aBarba Salvador, Antonio,
_eauthor.
245 1 0 _aAprende C# programando juegos /
_cAntonio Barba Salvador.
264 1 _aMadrid :
_bDextra,
_c[2024]
300 _a1 online resource.
336 _atext
_btxt
_2rdacontent
337 _acomputer
_bc
_2rdamedia
338 _aonline resource
_bcr
_2rdacarrier
347 _atext file
_2rdaft
347 _bPDF
588 0 _aOnline resource; title from PDF title page (Digitalia, viewed August 8, 2024)
650 0 _aC# (Computer program language)
650 0 _aComputer programming.
791 2 _aDigitalia (Firm),
_edistributor.
793 0 _gDigitalia eBook Collection:
_aDextra Editorial
776 0 8 _iPrint version:
_aBarba Salvador, Antonio.
_tAprende C# programando juegos.
_dMadrid : Dextra, [2024]
_z9788416898039
856 4 0 _3Digitalia Hispánica
_uhttps://www.digitaliapublishing.com/a/156223/
910 _aPremium collection: 2024
942 _cRAA
999 _c286315
_d286315